000 00674nam a2200229Ia 4500
003 OSt
005 20221006165043.0
006 a|||||r|||| 00| 0
007 ta
008 221006b |||||||| |||| 00| 0 hin d
024 _a4,448
037 _cTextual
040 _aFML
_cFML
_bhin
041 _2hin
_ahin
082 _aO152, 1:g(Q2:4196), L9
100 _aSingh Chandra Lekha Au.
_9679001
245 0 _aKrishna Bhakti Ki kaavya Parampara Aur Raskhan
260 _aVaranasi
_bHindi Pracharak Sansthaan India
_c1979
300 _a246
_ccm.
942 _hO152, 1:g(Q2:4196), L9
_cTEXL
_2CC
999 _c1119442
_d1119442